A leader's guide to leveraging diversity/ (Record no. 3830)
[ view plain ]
| 000 -LEADER | |
|---|---|
| fixed length control field | 00697nam a22001817a 4500 |
| 008 - FIXED-LENGTH DATA ELEMENTS--GENERAL INFORMATION | |
| fixed length control field | 160811b xxu||||| |||| 00| 0 eng d |
| 020 ## - INTERNATIONAL STANDARD BOOK NUMBER | |
| International Standard Book Number | 9780750678926 |
| 082 ## - DEWEY DECIMAL CLASSIFICATION NUMBER | |
| Edition number | 2009 |
| Classification number | DC 658.3008 |
| Item number | M29 |
| 100 ## - MAIN ENTRY--PERSONAL NAME | |
| 9 (RLIN) | 12734 |
| Personal name | Maltabia, Terrence E. |
| 245 ## - TITLE STATEMENT | |
| Title | A leader's guide to leveraging diversity/ |
| Remainder of title | strategic learning capabilities for breakthrough performance/ |
| Statement of responsibility, etc. | Terrence E. Maltabia and Anne T. Power. |
| 260 ## - PUBLICATION, DISTRIBUTION, ETC. (IMPRINT) | |
| Place of publication, distribution, etc. | Amsterdam: |
| Name of publisher, distributor, etc. | Elsevier, |
| Date of publication, distribution, etc. | c2009. |
| 300 ## - PHYSICAL DESCRIPTION | |
| Extent | xxiii, 272 pages: |
| Other physical details | illustrations; |
| Dimensions | 23 cm. |
| 500 ## - GENERAL NOTE | |
| General note | Includes bibliographical references appendices,and index.<br/> |
| 650 #0 - SUBJECT ADDED ENTRY--TOPICAL TERM | |
| 9 (RLIN) | 12735 |
| Topical term or geographic name as entry element | Leadership |
| 700 ## - ADDED ENTRY--PERSONAL NAME | |
| 9 (RLIN) | 12736 |
| Personal name | Power, Anne T. |
| Relator term | Author |
| 365 ## - TRADE PRICE | |
| Price type code | Php |
| Price amount | 2895.00 |
| 942 ## - ADDED ENTRY ELEMENTS (KOHA) | |
| Source of classification or shelving scheme | Dewey Decimal Classification |
| Koha item type | Circulation |
| Withdrawn status | Lost status | Source of classification or shelving scheme | Damaged status | Not for loan | Collection code | Home library | Current library | Date acquired | Source of acquisition | Total Checkouts | Full call number | Barcode | Date last seen | Price effective from | Koha item type |
|---|---|---|---|---|---|---|---|---|---|---|---|---|---|---|---|
| Dewey Decimal Classification | Circulation | UM Digos College - LIC | UM Digos College - LIC | 09/24/2010 | Purchased | DC 658.3008 M29 2009 | 21087 | 05/15/2025 | 08/11/2016 | Circulation |
